Statistics for Universal Premier League

Click here to take the quiz!

General Stats

  • This quiz has been taken 11 times
  • The average score is 22 of 92

Answer Stats

HintAnswer% Correct
WALES 109Giggs
100%
IRELAND 126Keane
100%
ENG 260Shearer
100%
IVORY COAST 104Drogba
88%
ARGENTINA 119Aguero
75%
SENEGAL 43Ba
75%
BOSNIA 50Dzeko
75%
CHILE 48Sanchez
75%
NETHERLANDS 144Van persie
75%
TRINIDAD 123Yorke
75%
TOGO 97Adebayor
63%
BELGIUM 84Lukaku
63%
ALGERIA 26Mahrez
63%
PORTUGAL 84Ronaldo
63%
URUGUAY 69Suarez
63%
SPAIN 85Torres
63%
ECUADOR 21Valencia
63%
BULGARIA 94Berbatov
50%
BRAZIL 33Coutinho
50%
USA 57Dempsey
50%
ICELAND 55Gudjohnsen
50%
FRANCE 175Henry
50%
MEXICO 37Hernandez
50%
SWITZERLAND 7Shaqiri
50%
SOUTH AFRICA 37Mccarthy
38%
JAPAN 7Okazaki
38%
AUSTRALIA 92Viduka
38%
AUSTRIA 22Arnautovic
25%
ISRAEL 31Benayoun
25%
DENMARK 32Bendtner
25%
BELARUS 8Hleb
25%
MONTENEGRO 8Jovetic
25%
GERMANY 29Klinsmann
25%
EGYPT 22Mido
25%
SOUTH KOREA 19Park ji sung
25%
NORWAY 91Solskjaer
25%
KENYA 6Wanyama
25%
LIBERIA 4Weah
25%
NIGERIA 95Yakubu
25%
COLOMBIA 44Angel
13%
GAMBIA 1Barrow
13%
BARBADOS 11Boyce
13%
IRAN 5Dejagah
13%
SCOTLAND 68Ferguson
13%
HUNGARY 17Gera
13%
BERMUDA 13Goater
13%
SWEDEN 49Ljungberg
13%
ANGOLA 2Manucho
13%
UKRAINE 10Rebrov
13%
GRENADA 36Roberts
13%
PERU 49Solano
13%
BURKINA FASO 2Traore
13%
COSTA RICA 50Wanchope
13%
CURACAO 6Bacuna
0%
CZECH REPUBLIC 38Berger
0%
BURUNDI 1Bigirimana
0%
GUINEA 9Camara
0%
GUYANA 28Cort
0%
GABON 4Cousin
0%
PARAGUAY 26Da cruz
0%
ITALY 66Di Canio
0%
NI 33Dowie
0%
JAMAICA 56Euell
0%
HONDURAS 4Figueroa
0%
FINLAND 34Forssell
0%
MONTSERRAT 36Fox
0%
GREECE 20Giannakopolous
0%
MACEDONIA 4Hristov
0%
TURKEY 34Izzet
0%
TUNISIA 8Jaidi
0%
CROATIA 29Jelavic
0%
CAMEROON 16Job
0%
MOROCCO 16Kachloul
0%
SIERRA LEONE 1Kamara
0%
RUSSIA 42Kanchelskis
0%
MALI 43Kanoute
0%
GEORGIA 8Ketsbaia
0%
SLOVENIA 3Koren
0%
ANTIGUA AND BARBUDA 2Leigertwood
0%
CONGO 24Lua Lua
0%
SERBIA 29Milosevic
0%
ZIMBABWE 34Ndlovu
0%
NEW ZEALAND 9Nelsen
0%
SLOVAKIA 23Nemeth
0%
LATVIA 42Pahars
0%
ROMANIA 23Petrescu
0%
CANADA 35Radzinski
0%
VENEZUELA 16Rondon
0%
BENIN 22Sessegnon
0%
CHINA 3Sun Jihai
0%
POLAND 1Warzycha
0%
GHANA 24Yeboah
0%

Score Distribution

Percentile by Number Answered

Percent of People with Each Score

Your Score History

You have not taken this quiz